| 000 | 00640nam a2200265Ia 4500 | ||
|---|---|---|---|
| 005 | 20260306153239.0 | ||
| 008 | 008 260114s9999 xx 000 0 eng d | ||
| 020 | _a9781868145874 | ||
| 037 | _aEBOOK | ||
| 040 | _aCRL | ||
| 040 | _beng | ||
| 040 | _cCRL | ||
| 041 | _2eng | ||
| 041 | _aeng | ||
| 084 | _qCRL | ||
| 100 |
_aMasterson _91125088 |
||
| 245 | 4 | _aThe Disorder of Things | |
| 250 | _a1st Ed | ||
| 260 | _bWits University Press | ||
| 260 | _c2018 | ||
| 650 | _aLinguistics | ||
| 856 | _uhttps://www.cambridge.org/core/product/identifier/9781868145874/type/BOOK | ||
| 942 | _cEBOOK | ||
| 999 |
_c1702718 _d1702718 |
||